| 000 | 00685nam a22001937a 4500 | ||
|---|---|---|---|
| 999 |
_c104178 _d104178 |
||
| 005 | 20230209115906.0 | ||
| 010 | _aUR-9520 | ||
| 020 |
_a9789350739013 _c200.00 |
||
| 035 | _aU-8075 | ||
| 037 | _bDBAD/PUB | ||
| 082 | _a921 | ||
| 100 | _aا و م پرکا ش و ا لمیکی | ||
| 245 |
_aجھو تن / _cا و م پرکا ش و ا لمیکی |
||
| 246 |
_aJhootan (autobiography) / _bBy Omprakash Walmiki |
||
| 260 |
_aدہلی _bایجوکیشنل پبلیشینگ ہاؤس _c2016 ء |
||
| 270 |
_a٣١٩١،وکیل سٹریٹ،کچہ پنڈت ، لال کان _bدھلی _e110006 _k23216162 |
||
| 300 |
_a164ص _c22cm(Hb) |
||
| 942 |
_2ddc _cUR _h921 _mا و م |
||